000 00314nam a22001337a 4500
008 171013b xxu||||| |||| 00| 0 eng d
020 _a0132749696
041 _aeng
080 _a316
100 _a50
101 _aSOC
245 _aTHE EMOTIONALLY DISTURBED, MENTALLY RETARDED
_cBALTHAZAR,E.E
942 _2udc
_cBK
999 _c33590
_d33590